000
00310nam a22001337a 4500
003
SGT
020
_a
81-7141-539-3
082
_a
371904
_b
RED
100
_a
REDDY, G. LOKNATHA
245
_a
EDUCATION CHILDREN WITH SPECIAL NEEDS
260
_a
DELHI
_b
DISCOVERY, PUB.
_c
2022
300
_a
247
942
_2
ddc
_c
BK
999
_c
23221
_d
23221